LEADER 00755nam0-22002891i-450- 001 990006491370403321 005 20001010 035 $a000649137 035 $aFED01000649137 035 $a(Aleph)000649137FED01 035 $a000649137 100 $a20001010d--------km-y0itay50------ba 101 0 $aita 105 $ay-------001yy 200 1 $aAfrican Literatures$ean Introduction$fOyekan Owomoyela 210 $aWaltham$cCrossroads$d1979. 215 $a148 p.$d22 cm 676 $a896 700 1$aOwomoyela,$bOyekan$0244318 801 0$aIT$bUNINA$gRICA$2UNIMARC 901 $aBK 912 $a990006491370403321 952 $aXIV E 1063$b13476$fFSPBC 959 $aFSPBC 996 $aAfrican Literatures$9653811 997 $aUNINA DB $aGEN01 LEADER 01872aam 2200493I 450 001 9910710247803321 005 20160309011335.0 024 8 $aGOVPUB-C13-c799a9a55489a188aaec4fc8734c3f2e 035 $a(CKB)5470000002476809 035 $a(OCoLC)944187810 035 $a(EXLCZ)995470000002476809 100 $a20160309d1979 ua 0 101 0 $aeng 181 $2rdacontent 182 $2rdamedia 183 $2rdacarrier 200 10$aTask 1 $einvestigation of the performance of solar heating and cooling systems : data requirements and thermal performance evaluation procedures for solar heating and cooling systems /$fAndre Pilatte; J. Lemming; Ove Jorgensen; David Curtis; Richard Bruno; Tatsuo Inooka; Chris van Koppen; Per Isakson; Guy-Ronald Perrin; Andre Faist 210 1$aGaithersburg, MD :$cU.S. Dept. of Commerce, National Institute of Standards and Technology,$d1979. 215 $a1 online resource 225 1 $aNBSIR ;$v80-1980 300 $a1979. 300 $aContributed record: Metadata reviewed, not verified. Some fields updated by batch processes. 300 $aTitle from PDF title page. 320 $aIncludes bibliographical references. 517 $aTask 1 700 $aPilatte$b Andre$01397349 701 $aBruno$b Richard$01397350 701 $aCurtis$b David$0402832 701 $aFaist$b Andre? P$01397351 701 $aInooka$b Tatsuo$01397352 701 $aIsakson$b Per$01397353 701 $aJorgensen$b Ove$0408474 701 $aLemming$b J$01397354 701 $aPerrin$b Guy-Roland$01397355 701 $aPilatte$b Andre$01397349 701 $avan Koppen$b Chris$01397356 712 02$aUnited States.$bNational Bureau of Standards. 801 0$bNBS 801 1$bNBS 801 2$bGPO 906 $aBOOK 912 $a9910710247803321 996 $aTask 1$93458840 997 $aUNINA